01620nasaa22001811ia450000500170000000800410001702000140005804000280007208200350010011000920013524500950022726001080032230000100043050507920044065000490123270000730128171000840135420250210135448.0250210b2015 dr ar|gdspspao00| z0spa d q2307-2393 aCGID0021cCGID0021erda04aIDEICE RD 371.1 C749m 2014221 a Instituto Dominicano de Evaluación e Investigación de la Calidad Educativa, IDEICE aMemoria 5to. Congreso Internacional IDEICE 2014bProfesión Docente una Decisión Social aSanto Domingo : b Instituto Dominicano de Evaluación e Investigación de la Calidad Educativac2015 a253p. aUno de los propósitos del IDEICE, es organizar cada año su Congreso Internacional, el cual reúne personal de las diferentes áreas de la academia y actores del Sistema Nacional de Educación, con la tarea de generar debate sobre la problemática de la realidad educativa en nuestro país. Para su quinta edición, el Congreso Internacional del IDEICE 2014 tuvo como lema “Profesión docente: una decisión social”, donde especialistas de renombre internacional aportaron sus conocimientos en el campo teórico, asuntos de políticas públicas y así poder abordar las realidades del ejercicio de la profesión docente. En esta ocasión se expusieron las experiencias que acontecen en países latinoamericanos y de otros continentes, como es el caso China popular. aEducación -- Sociedad, Modelos Educativos. aCoordinadores : Julián Álvarez ; Luís Camilo Matos de León  a Instituto Dominicano de Evaluación e Investigación de la Calidad Educativa